[Event "FIDE open"]
[Site "Voronezh"]
[Date "2017.06.19"]
[Round "8.4"]
[White "Lebedev, Mikhail S."]
[Black "Palin, Denis"]
[Result "1/2-1/2"]
[WhiteElo "2041"]
[BlackElo "2158"]
[Annotator ""]
[Source ""]
[Remark ""]

1.e4 e6 2.d4 d5 3.Nc3 dxe4 4.Nxe4 Nd7 5.Nf3 Ngf6 6.Bd3 c5 7.O-O
Nxe4 8.Bxe4 Be7 9.c3 Nf6 10.Bc2 cxd4 11.Nxd4 Bc5 12.Nb5 Bd7 13.a4
O-O 14.Bg5 Bc6 15.Bxf6 Qxd1 16.Rfxd1 gxf6 17.Nd4 Bd5 18.Rd3 Kh8
19.Rh3 f5 20.Rd1 Rad8 21.Kf1 Rg8 22.Rg3 Rxg3 23.hxg3 Bc4+ 24.Ke1
Bxd4 25.cxd4 Rc8 26.Kd2 Bd5 27.Rg1 Rc4 28.Kd3 Rc6 29.Kd2 Rb6
30.Kc3 Rc6+ 31.Kd2 Rb6 32.Kc3 Rc6+ 33.Kd2 1/2-1/2

[Event "FIDE open"]
[Site "Voronezh"]
[Date "2017.06.19"]
[Round "8.5"]
[White "Napalkov, Vladimir"]
[Black "Ioffe, Evgeny"]
[Result "0-1"]
[WhiteElo "2031"]
[BlackElo "2155"]
[Annotator ""]
[Source ""]
[Remark ""]

1.d4 d5 2.c4 c6 3.Nf3 Nf6 4.Nc3 dxc4 5.a4 Bf5 6.Ne5 e6 7.Bg5
Bb4 8.Nxc4 Nbd7 9.Qb3 a5 10.e3 O-O 11.Be2 h6 12.Bh4 Qe7 13.O-O
e5 14.Nxe5 Nxe5 15.dxe5 Qxe5 16.Rad1 Rad8 17.Bc4 Qe7 18.Rxd8
Rxd8 19.e4 Bg6 20.Re1 Qe5 21.Bg3 Qc5 22.e5 Nh5 23.e6 fxe6 24.Bxe6+
Kh7 25.Rd1 Rxd1+ 26.Nxd1 Bc2 27.Qf3 Nxg3 28.hxg3 Qe5 29.Bb3 Be4
30.Qf7 Qe7 31.Qg8+ Kg6 32.Ne3 Bc5 33.Nf1 Bd4 34.Nd2 Bd3 35.Nf3
Bf6 36.Kh2 Be4 37.g4 Be5+ 38.Kg1 Bxb2 39.Be6 Bf6 40.Bf5+ Bxf5
41.gxf5+ Kxf5 42.Qh7+ Ke6 43.Qg8+ Kd7 44.Qa8 Qb4 45.Qb8 g5 46.Qg8
g4 47.Qf7+ Qe7 48.Qb3 gxf3 49.Qxb7+ Kd6 50.Qb8+ Kc5 51.gxf3 Bd4
52.Kg2 Qg5+ 53.Kf1 Qc1+ 54.Kg2 Qd2 55.Qa7+ Kc4 56.Qa6+ Kb4 57.Qb7+
Ka3 0-1

[Event "FIDE open"]
[Site "Voronezh"]
[Date "2017.06.19"]
[Round "8.6"]
[White "Garafutdinov, Ainur"]
[Black "Palkovich, Denis"]
[Result "1-0"]
[WhiteElo "1998"]
[BlackElo "2147"]
[Annotator ""]
[Source ""]
[Remark ""]

1.e4 d5 2.exd5 Qxd5 3.Nf3 Nf6 4.d4 Nc6 5.c4 Qh5 6.Be2 Bg4 7.Be3
O-O-O 8.Nbd2 e5 9.d5 Ne7 10.Bxa7 e4 11.Nd4 Bxe2 12.Nxe2 b6 13.a4
e3 14.fxe3 Nf5 15.Qb3 Bc5 16.a5 Bxe3 17.Nf3 Rd6 18.axb6 cxb6
19.Qa3 Kc7 20.Nc3 Re8 21.Bb8+ Kd8 22.Qa8 Bh6+ 23.Kf1 Ng3+ 24.hxg3
Qxh1+ 25.Ng1 1-0

[Event "FIDE open"]
[Site "Voronezh"]
[Date "2017.06.19"]
[Round "8.7"]
[White "Mezhov, Dmitriy"]
[Black "Geranichev, Mikhail"]
[Result "1-0"]
[WhiteElo "1809"]
[BlackElo "2076"]
[Annotator ""]
[Source ""]
[Remark ""]

1.d4 Nf6 2.c4 g6 3.Nc3 d5 4.Bg5 c6 5.Bxf6 exf6 6.cxd5 cxd5 7.Qb3
Nc6 8.e3 Bb4 9.Nge2 O-O 10.a3 Bxc3+ 11.Nxc3 Ne7 12.Be2 Be6 13.O-O
Rb8 14.Bf3 b5 15.Rfc1 a6 16.Na2 Qb6 17.Nb4 Qb7 18.Rc5 Rfd8 19.Rac1
Rbc8 20.h3 Kg7 21.R1c3 Rxc5 22.Rxc5 Rc8 23.Qc3 Rxc5 24.Qxc5 a5
25.Nd3 g5 26.Qd6 Nf5 27.Qd8 Nh4 28.Be2 Qd7 29.Qxd7 Bxd7 30.Nc5
Bc6 31.Bd3 f5 32.Na6 Kf6 33.Nc7 b4 34.axb4 axb4 35.Na6 b3 36.Nc5
h5 37.Nxb3 Ke7 38.Nc5 Kd6 39.Kf1 f4 40.b4 Kc7 41.b5 Be8 42.Na4
Kb7 43.Nc3 f3 44.g3 Ng2 45.Nxd5 Bd7 46.Kg1 Bxh3 47.Be4 f5 48.Nf4+
fxe4 49.Nxh3 h4 50.g4 Kb6 51.Nxg5 Kxb5 52.Nxe4 h3 53.Kh2 Kc4
54.Nd2+ Kd3 55.Nxf3 Ke2 56.Kg3 Kf1 57.g5 h2 58.Nxh2+ Kg1 59.g6 1-0

[Event "FIDE open"]
[Site "Voronezh"]
[Date "2017.06.19"]
[Round "8.8"]
[White "Kozlov, Sergej A."]
[Black "Bezgodova, Svetlana"]
[Result "0-1"]
[WhiteElo "2072"]
[BlackElo "2038"]
[Annotator ""]
[Source ""]
[Remark ""]

1.e4 c5 2.Nf3 d6 3.d4 cxd4 4.Qxd4 Nc6 5.Bb5 a6 6.Bxc6+ bxc6 7.O-O
e5 8.Qa4 Qc7 9.c4 Bd7 10.Nc3 Nf6 11.Bg5 Be7 12.Rad1 O-O 13.Rd3
Be6 14.Rfd1 Rfd8 15.Bxf6 Bxf6 16.c5 dxc5 17.Rxd8+ Rxd8 18.Rxd8+
Bxd8 19.Qxa6 g6 20.Qd3 c4 21.Qd2 f6 22.Nd1 Be7 23.Ne3 Qb6 24.Qc2
Qa6 25.a3 Bc5 26.Nd2 Bxe3 27.fxe3 Qb5 28.Kf2 Kg7 29.Nb1 Bf7 30.Nc3
Qb6 31.Qd2 Qb3 32.a4 Qb4 33.Ke1 c5 34.Kd1 Be8 35.Qc2 Bc6 36.Kc1
h5 37.Qd1 Qb7 38.a5 Qa7 39.Qd6 Qa8 40.Qe7+ Kh6 41.Qxf6 Bxe4 42.Qxe5
Bxg2 43.h4 Kh7 44.Qe7+ Kg8 45.Qxc5 Kh8 46.Qe5+ Kh7 47.Qc7+ Kh8
48.e4 Qf8 49.Kb1 Qf6 50.Qc8+ Kh7 51.a6 0-1

[Event "FIDE open"]
[Site "Voronezh"]
[Date "2017.06.19"]
[Round "8.9"]
[White "Rozmetov, Aybek"]
[Black "Novikov, Sergey D"]
[Result "0-1"]
[WhiteElo "1978"]
[BlackElo "2061"]
[Annotator ""]
[Source ""]
[Remark ""]

1.d4 d5 2.c4 e6 3.Nf3 Nf6 4.g3 dxc4 5.Qa4+ Bd7 6.Qxc4 c5 7.Bg2
Bc6 8.O-O Bd5 9.Qc2 cxd4 10.Rd1 Nbd7 11.Rxd4 Bc5 12.Rd1 Qb6 13.e3
O-O 14.Nc3 Rac8 15.Nxd5 Nxd5 16.Ng5 N7f6 17.Qe2 Rcd8 18.Ne4 Nxe4
19.Bxe4 Nf6 20.Bd3 e5 21.b3 e4 22.Bc4 Rxd1+ 23.Qxd1 Rd8 24.Qe2
Bb4 25.a3 Bc3 26.Ra2 Qa5 27.b4 Qe5 28.Rc2 h5 29.h4 Ng4 30.Kg2
Qf6 31.Bb3 Rd3 32.Bc4 Ne5 33.Ba2 Qf3+ 34.Qxf3 exf3+ 35.Kh3 Ng4
36.Bb2 Rd1 37.Rc1 Bxb2 38.Rxd1 0-1

[Event "FIDE open"]
[Site "Voronezh"]
[Date "2017.06.19"]
[Round "8.10"]
[White "Chernov, Vladimir S"]
[Black "Moiseenko, Andrey"]
[Result "0-1"]
[WhiteElo "2045"]
[BlackElo "2010"]
[Annotator ""]
[Source ""]
[Remark ""]

1.d4 Nf6 2.c4 c5 3.d5 b5 4.cxb5 a6 5.bxa6 g6 6.Nc3 Bxa6 7.e4
Bxf1 8.Kxf1 d6 9.g3 Bg7 10.Kg2 O-O 11.Nge2 Nbd7 12.Re1 Ra6 13.Qc2
Qa8 14.b3 Rb8 15.Bb2 Ne5 16.f4 Neg4 17.Ng1 c4 18.bxc4 Qa7 19.Nd1
Rxb2 20.Nxb2 Ne3+ 21.Rxe3 Qxe3 22.Nf3 Qxe4 23.Qd2 Ra3 24.Rf1
Ng4 25.Nd1 Qxc4 26.Qe1 Rxa2+ 27.Kh3 Qxd5 28.Qxe7 Bf6 29.Qe8+
Kg7 30.Ng5 Rxh2+ 31.Qc8 0-1

[Event "FIDE open"]
[Site "Voronezh"]
[Date "2017.06.19"]
[Round "8.11"]
[White "Ponomariov, Timur"]
[Black "Arbuzov, Mikhail"]
[Result "0-1"]
[WhiteElo "2196"]
[BlackElo "2022"]
[Annotator ""]
[Source ""]
[Remark ""]

1.e4 c5 2.Nf3 d6 3.d4 cxd4 4.Nxd4 Nf6 5.f3 e5 6.Bb5+ Bd7 7.Bxd7+
Qxd7 8.Nf5 d5 9.Bg5 Nc6 10.Bxf6 gxf6 11.Qxd5 Qxd5 12.exd5 Nb4
13.Ne3 Bc5 14.a3 Nd3+ 15.cxd3 Bxe3 16.Nc3 O-O-O 17.Ne4 Rxd5 18.Ke2
Bd4 19.Rac1+ Kb8 20.Rc2 f5 21.Ng3 Rg8 22.Ke1 Rg5 23.Ne2 Bb6 24.Nc1
Be3 25.g3 Bxc1 26.Rxc1 Rxd3 27.Ke2 Rd8 28.Rhd1 Rxd1 29.Rxd1 Kc7
30.Rd5 f6 31.Ke3 Rg7 32.f4 Rd7 33.Rc5+ Kd6 34.Rc8 Ke6 35.Rh8
e4 36.Ke2 Rd3 37.Rxh7 Rb3 38.h4 Rxb2+ 39.Kf1 Kd5 40.h5 Kd4 41.h6
Rh2 42.Kg1 Rh5 43.Kg2 b5 44.Rh8 Ke3 45.h7 a6 46.Rf8 Rxh7 47.Rxf6
Rd7 48.Rxf5 Rd2+ 49.Kh3 Kf3 50.Re5 Rg2 51.Rxe4 Rxg3+ 52.Kh4 Kxe4
53.Kxg3 a5 54.Kg4 b4 0-1

[Event "FIDE open"]
[Site "Voronezh"]
[Date "2017.06.19"]
[Round "8.12"]
[White "Zaitseva, Lyudmila"]
[Black "Shishkin, Aleksey A."]
[Result "1/2-1/2"]
[WhiteElo "1922"]
[BlackElo "2191"]
[Annotator ""]
[Source ""]
[Remark ""]

1.d4 Nf6 2.c4 e6 3.Nc3 d5 4.e3 Be7 5.Nf3 O-O 6.Bd3 dxc4 7.Bxc4
c5 8.dxc5 Qxd1+ 9.Kxd1 Bxc5 10.Ke2 Rd8 11.a3 a6 12.b4 Be7 13.Bb2
b5 14.Bd3 Bb7 15.Rhd1 Nbd7 16.Rac1 Rac8 17.Rd2 h6 18.Rcd1 Kf8
19.Bb1 Nb6 20.Rxd8+ Bxd8 21.Ba2 Be7 22.Ne1 Nc4 23.Bxc4 Rxc4 24.f3
Rc7 25.Nd3 Nd7 26.Nb1 Bd5 27.Nd2 Nb6 28.e4 Bc4 29.Bd4 Bxd3+ 30.Kxd3
Rd7 31.f4 g5 32.g3 gxf4 33.gxf4 e5 34.fxe5 Bg5 35.Nf3 Nc4 36.Kc3
Ke8 37.a4 Be3 38.axb5 axb5 39.Ra1 Bf4 40.Ra8+ Rd8 41.Ra7 Rd7
42.Ra8+ Rd8 43.Ra6 Bc1 44.Kc2 Be3 45.Bxe3 Nxe3+ 46.Kc3 Nd1+ 47.Kc2
Ne3+ 48.Kc3 1/2-1/2

[Event "FIDE open"]
[Site "Voronezh"]
[Date "2017.06.19"]
[Round "8.13"]
[White "Maratkanov, Evgeny"]
[Black "Sokolovsky, Victor"]
[Result "1-0"]
[WhiteElo "2145"]
[BlackElo "1896"]
[Annotator ""]
[Source ""]
[Remark ""]

1.d4 d5 2.c4 e6 3.Nf3 c5 4.cxd5 exd5 5.Nc3 Nf6 6.g3 Nc6 7.Bg2
Be7 8.O-O O-O 9.b3 Bg4 10.dxc5 Bxc5 11.Bb2 Re8 12.h3 Bf5 13.Nh4
Be4 14.Nxe4 Nxe4 15.e3 Qd7 16.Nf3 Rad8 17.Nd4 Ne5 18.Qe2 a6 19.Rad1
Nc6 20.Nxc6 bxc6 21.Qc2 Bb6 22.Rc1 Re6 23.Bxe4 dxe4 24.Rfd1 Qe7
25.Rxd8+ Qxd8 26.Rd1 Qg5 27.Bd4 Bc7 28.Qc5 h6 29.Qxg5 hxg5 30.Rc1
f5 31.Rc5 g6 32.g4 Bb6 33.gxf5 gxf5 34.Rxf5 Bd8 35.Kg2 Kh7 36.Rf7+
Kg6 37.Ra7 a5 38.Bc3 Kh5 39.Bxa5 Bf6 40.Rd7 g4 41.hxg4+ Kxg4
42.Bd8 Bc3 43.Re7 Kf5 44.Rxe6 Kxe6 45.Bb6 Kd5 46.Kg3 Be1 47.a4
c5 48.a5 Kc6 49.Kf4 Bxf2 50.Kxe4 Kb5 51.Kf4 Be1 52.e4 Bxa5 53.Bxa5
Kxa5 54.e5 Kb4 55.e6 Kxb3 56.e7 c4 57.e8Q c3 58.Qb5+ Ka2 59.Ke3
c2 60.Kd2 c1Q+ 61.Kxc1 Ka3 62.Kc2 1-0

[Event "FIDE open"]
[Site "Voronezh"]
[Date "2017.06.19"]
[Round "8.14"]
[White "Egorov, Alexey"]
[Black "Kazmin, Semen"]
[Result "0-1"]
[WhiteElo "1794"]
[BlackElo "2086"]
[Annotator ""]
[Source ""]
[Remark ""]

1.e4 e6 2.Nc3 d5 3.Nf3 Nf6 4.e5 Nfd7 5.d4 c5 6.Bf4 Nc6 7.dxc5
Nxc5 8.Bd3 Be7 9.O-O O-O 10.Ne2 f5 11.Qd2 h6 12.Be3 Ne4 13.Qc1
Qc7 14.Bd4 Bd7 15.c3 Be8 16.Nf4 Qd7 17.Bb5 g5 18.Nd3 g4 19.Bxc6
bxc6 20.Nfe1 h5 21.Be3 Qd8 22.Nf4 Bf7 23.Nc2 c5 24.Kh1 Rc8 25.f3
Ng5 26.Qd2 Kg7 27.Rg1 Rh8 28.Ne1 Nh7 29.Rd1 Nf8 30.Ne2 Ng6 31.f4
a5 32.Nd3 Be8 33.b4 axb4 34.cxb4 cxb4 35.Nd4 Kf7 36.Nxb4 Rc4
37.Rb1 Qa5 38.Nbc2 Qxd2 39.Bxd2 Ba4 40.Rgc1 Rhc8 41.Ne3 Rxd4
42.Rxc8 Rxd2 43.g3 Re2 44.Ng2 d4 45.Rc4 Rxa2 46.Ne1 d3 47.Nxd3
Bc2 48.Nb4 Bxb1 49.Nxa2 Bxa2 50.Rc7 Ke8 51.Kg1 Kd8 52.Rc2 Bb3
53.Rc3 Bd5 54.Kf2 Nf8 55.Ke3 Nd7 56.Kd4 Bc5+ 0-1

[Event "FIDE Open"]
[Site "Voronezh"]
[Date "2017.06.20"]
[Round "9.15"]
[White "Pavlova, Natalia"]
[Black "Chernov, Vladimir S"]
[Result "0-1"]
[WhiteElo "1954"]
[BlackElo "2045"]
[Annotator ""]
[Source ""]
[Remark ""]

1.Nf3 d5 2.b3 Nf6 3.Bb2 c5 4.c4 Nc6 5.g3 Bg4 6.Bg2 d4 7.O-O e5
8.d3 Bd6 9.e4 Nd7 10.Nbd2 Be7 11.Re1 Nb4 12.Nf1 Qb6 13.h3 Be6
14.Bc1 f6 15.Nh4 g6 16.Nh2 O-O-O 17.a3 Nc6 18.Bd2 Kb8 19.Qc2
Qc7 20.Reb1 Ka8 21.b4 Rb8 22.b5 Nd8 23.b6 Nxb6 24.Ba5 Nc6 25.Bxb6
axb6 26.Qa4+ Na5 27.Nf1 Bd7 28.Qc2 Ka7 29.Nd2 Rhc8 30.a4 Bc6
31.Rb2 Bd8 32.Nb1 Qd7 33.Nf3 Ra8 34.Kh2 Kb8 35.h4 Bc7 36.Nbd2
Rf8 37.Rba2 Qe8 38.Re1 Bd7 39.Qd1 Nc6 40.Bh3 Nb4 41.Bxd7 Qxd7
42.Ra3 g5 43.hxg5 fxg5 44.Kg2 Qf7 45.Re2 Qg7 46.Qh1 Ka7 47.Qh5
h6 48.Nh2 Rae8 49.Ng4 Re6 50.Rb3 Qd7 51.Ra3 Qe8 52.Qxe8 Rfxe8
53.Nh2 Rf8 54.Rb3 Ref6 55.Nb1 h5 56.Na3 g4 57.Nb5+ Kb8 58.Rd2
Bd8 59.Rb1 Rg6 60.Rbd1 h4 61.gxh4 Bxh4 62.Rh1 g3 63.Kh3 gxh2
64.Kxh4 Rh8# 0-1

[Event "FIDE Open"]
[Site "Voronezh"]
[Date "2017.06.20"]
[Round "9.16"]
[White "Napalkov, Vladimir"]
[Black "Zaitseva, Lyudmila"]
[Result "0-1"]
[WhiteElo "2031"]
[BlackElo "1922"]
[Annotator ""]
[Source ""]
[Remark ""]

1.d4 d5 2.c4 e6 3.Nc3 c5 4.e3 Nf6 5.Nf3 Nc6 6.cxd5 exd5 7.Be2
c4 8.O-O Bb4 9.Ne5 O-O 10.a3 Bxc3 11.Nxc6 bxc6 12.bxc3 Ne4 13.Bd2
Qa5 14.Qc1 Rb8 15.Bd1 Bf5 16.Be1 Nd6 17.f3 Bd3 18.Rf2 Rb7 19.Rb2
Re7 20.Bf2 Rfe8 21.Rb4 Qc7 22.Bc2 Nf5 23.Bxd3 cxd3 24.Qd2 Nxe3
25.Qxd3 Nc4 26.a4 Re2 27.Rab1 g6 28.Bg3 Qe7 29.Rb7 Qa3 30.Rb8
Kg7 31.Be5+ R8xe5 32.dxe5 Qa2 0-1

[Event "FIDE Open"]
[Site "Voronezh"]
[Date "2017.06.20"]
[Round "9.17"]
[White "Rozmetov, Aybek"]
[Black "Presnyakov, Kirill"]
[Result "0-1"]
[WhiteElo "1978"]
[BlackElo "1876"]
[Annotator ""]
[Source ""]
[Remark ""]

1.e4 e6 2.Nc3 d5 3.Nf3 Nf6 4.e5 Nfd7 5.d4 a6 6.Bg5 Be7 7.h4 c5
8.dxc5 Nxc5 9.Bd3 Nc6 10.Qe2 h6 11.Bxe7 Qxe7 12.Rh3 d4 13.Nd1
Nxd3+ 14.Qxd3 Qc5 15.Kf1 Nxe5 16.Qxd4 Qxd4 17.Nxd4 Ng6 18.Rg3
O-O 19.Nc3 Nxh4 20.Na4 e5 21.Nb6 Rb8 22.Nb3 Rd8 23.a4 Bf5 24.Rc1
Rd6 25.a5 Rbd8 26.Ke1 Be4 27.f3 Bc6 28.Rg4 Nf5 29.Nc4 Re6 30.Nc5
Ree8 31.Kf2 Nd6 32.Ne3 e4 33.Rh1 exf3 34.gxf3 Kh7 35.Rd1 Nb5
36.Rc4 Rxd1 37.Nxd1 Rd8 38.Ne3 Rd4 39.Ne4 Rxc4 40.Nxc4 Bxe4 41.fxe4
f6 42.Nb6 Kg6 43.c4 Nd6 44.Ke3 Kf7 45.b4 Ke6 46.Kd4 h5 47.Nd5
h4 48.Nf4+ Kd7 49.Nh5 h3 50.Kd5 h2 51.Ng3 g6 52.c5 Nb5 53.Nh1
Nc3+ 54.Kd4 Ne2+ 55.Kd5 Nc3+ 56.Kd4 Na2 57.Kc4 Kc6 58.Nf2 Nc1
59.Nh1 Ne2 60.Kd3 Nf4+ 61.Kc4 Ne6 62.Ng3 Ng7 63.Kd4 Nh5 64.Nh1
g5 65.e5 fxe5+ 66.Kxe5 g4 67.Ke4 g3 68.Kf3 Kb5 0-1

[Event "FIDE Open"]
[Site "Voronezh"]
[Date "2017.06.20"]
[Round "9.19"]
[White "Yashmetov, Nikolay"]
[Black "Bukatin, Arseny"]
[Result "1-0"]
[WhiteElo "2127"]
[BlackElo "1883"]
[Annotator ""]
[Source ""]
[Remark ""]

1.e4 e5 2.Nc3 Nf6 3.f4 d6 4.Nf3 Nc6 5.Bb5 exf4 6.d4 Bd7 7.O-O
a6 8.Be2 Be7 9.Bxf4 O-O 10.a3 Re8 11.h3 h6 12.Qd3 Bf8 13.Rae1
Qc8 14.Nh2 Nh7 15.Bg4 g5 16.Be3 Bg7 17.Nd5 Ne7 18.Nxe7+ Rxe7
19.Bxd7 Qxd7 20.Ng4 Rae8 21.Bf2 Nf6 22.Nxf6+ Bxf6 23.Re2 Bg7
24.Rfe1 f5 25.Qb3+ d5 26.e5 c6 27.Qf3 Qe6 28.Be3 Rf7 29.Bd2 Bf8
30.h4 Be7 31.hxg5 hxg5 32.g3 Rh7 33.Rf1 Rf8 34.Kf2 Kg7 35.Ke1
Kg6 36.Ref2 c5 37.c3 g4 38.Qd1 Rh5 39.b4 cxd4 40.cxd4 Rc8 41.Qb1
Rc4 42.Rf4 Rxd4 43.Kd1 Re4 44.Bc3 Bf8 45.Qa2 Qc6 46.Rxe4 dxe4
47.Qg8+ Bg7 48.Bd2 Rh2 49.e6 Qd5 50.Qf7+ Kh7 51.Qxf5+ Qxf5 52.Rxf5
Kg6 53.e7 Rh8 54.Rg5+ Kf7 55.Rxg7+ 1-0

[Event "FIDE Open"]
[Site "Voronezh"]
[Date "2017.06.20"]
[Round "9.20"]
[White "Teryaeva, Valeria"]
[Black "Tatarintsev, Egor"]
[Result "0-1"]
[WhiteElo "1814"]
[BlackElo "2085"]
[Annotator ""]
[Source ""]
[Remark ""]

1.e4 c5 2.c3 Nf6 3.e5 Nd5 4.d4 cxd4 5.cxd4 d6 6.Nf3 Nc6 7.Bc4
Nb6 8.Bb5 e6 9.Nc3 Bd7 10.Bf4 d5 11.O-O Bb4 12.Ne2 Nxe5 13.Bxe5
Bxb5 14.Bxg7 Rg8 15.Be5 Nc4 16.Bg3 Nxb2 17.Qc2 Nc4 18.Qxh7 Rf8
19.Nf4 Bc3 20.Rac1 Qa5 21.Nxe6 fxe6 22.Qxb7 Nb6 23.Bc7 Qa6 24.Qxa6
Bxa6 25.Rfd1 Be2 26.Ne5 Bxd1 27.Rxc3 Rc8 28.Rc6 Rf6 29.g4 Bxg4 0-1

[Event "FIDE Open"]
[Site "Voronezh"]
[Date "2017.06.20"]
[Round "9.21"]
[White "Chekletsov, Egor"]
[Black "Perch, Sofya"]
[Result "1/2-1/2"]
[WhiteElo "2070"]
[BlackElo "1874"]
[Annotator ""]
[Source ""]
[Remark ""]

1.d4 d5 2.c4 e6 3.Nc3 Nf6 4.cxd5 exd5 5.Bg5 Be7 6.e3 O-O 7.Bd3
c6 8.Qc2 Nbd7 9.Nge2 Re8 10.O-O Nf8 11.Rab1 g6 12.b4 a6 13.a4
Ne6 14.Bh4 Ng7 15.b5 axb5 16.axb5 Bf5 17.bxc6 bxc6 18.Bxf5 Nxf5
19.Bxf6 Bxf6 20.Na4 Qd6 21.Nc5 Reb8 22.h3 Bd8 23.Rfc1 Ne7 24.Nb7
Qd7 25.Nxd8 Qxd8 26.Nf4 Rxb1 27.Rxb1 Rb8 28.Rxb8 Qxb8 29.Nd3
Qb6 30.Ne5 Kg7 31.Qa4 Qb7 32.Qc2 Qb6 33.Qa4 Qb7 34.Qc2 Qb6 35.Qa4
Qb7 36.Qc2 Qb6 37.Qa4 Qb7 38.Qc2 1/2-1/2

[Event "FIDE Open"]
[Site "Voronezh"]
[Date "2017.06.20"]
[Round "9.22"]
[White "Rudakov, Sergey S."]
[Black "Filippov, Ivan"]
[Result "1/2-1/2"]
[WhiteElo "1575"]
[BlackElo "2041"]
[Annotator ""]
[Source ""]
[Remark ""]

1.e4 e6 2.d4 c5 3.d5 exd5 4.exd5 d6 5.c4 g6 6.Qe2+ Ne7 7.Bg5
Bg7 8.Nc3 h6 9.Bxe7 Qxe7 10.Qxe7+ Kxe7 11.Nge2 Na6 12.Kd2 Bd7
13.Ng3 f5 14.Bd3 Bd4 15.Rhe1+ Kf7 16.f3 Rae8 17.a3 Bf2 18.Rf1
Be3+ 19.Kc2 Re7 20.Rfe1 Rhe8 21.Re2 Bf4 22.Rae1 Be5 23.Nf1 Nc7
24.g3 b5 25.f4 bxc4 26.Bxc4 Bd4 27.Rxe7+ Rxe7 28.Rxe7+ Kxe7 29.Nd2
Be8 30.Nb3 Bg7 31.Ne2 Bf7 32.Nc3 Bf6 33.Na5 Bd4 34.Nc6+ Kd7 35.Nxd4
cxd4 36.Ne2 Bxd5 37.Bxd5 Nxd5 38.Nxd4 Ne3+ 39.Kd3 Ng4 40.Nf3
Kc6 1/2-1/2

[Event "FIDE Open"]
[Site "Voronezh"]
[Date "2017.06.20"]
[Round "9.23"]
[White "Mikhnenko, Alexander"]
[Black "Egorov, Alexey"]
[Result "0-1"]
[WhiteElo "2019"]
[BlackElo "1794"]
[Annotator ""]
[Source ""]
[Remark ""]

1.d4 d5 2.c4 e6 3.Nc3 Nf6 4.Bf4 Bd6 5.Bg3 O-O 6.e3 b6 7.Nf3 Bb7
8.cxd5 Nxd5 9.Bd3 h6 10.a3 a6 11.Rc1 Nd7 12.Ne4 N7f6 13.Nxd6
cxd6 14.Bh4 Re8 15.g4 e5 16.dxe5 dxe5 17.Be2 Qd6 18.g5 hxg5 19.Bxg5
Ne4 20.Rc4 f5 21.Rg1 Rac8 22.Nh4 Qe6 23.Rxe4 fxe4 24.Bg4 Qf7
25.Bh5 Qe6 26.Bg6 Qc6 27.Bxe8 Rxe8 28.Nf5 Qg6 29.Qg4 Bc8 30.Nh4
Bxg4 31.Nxg6 Bh5 32.Nh4 g6 33.Kd2 Rc8 34.Ng2 Kf7 35.Bh4 Ke6 36.Ne1
b5 37.Nc2 a5 38.Rg5 Nb6 39.b3 Rd8+ 40.Kc3 Rd3+ 41.Kb2 a4 42.bxa4
Nc4+ 43.Ka2 bxa4 44.Rg1 Rc3 45.Kb1 Nd2+ 46.Kb2 Rb3+ 47.Ka2 Nf3
48.Rc1 Nxh4 49.Nb4 Nf5 50.Rc3 Kd7 51.Rc5 Ke6 52.Ra5 Bd1 53.Rxa4
Rb2+ 54.Kxb2 Bxa4 55.Kc3 Nd6 56.Na6 Bc6 57.Kb4 Nb7 58.a4 Kf5
59.a5 Kg4 60.Nb8 Nxa5 61.Kxa5 Be8 62.Na6 Kf3 63.Nc5 Kxf2 64.Nxe4+
Kxe3 65.Nf6 Bc6 66.Kb6 Bf3 67.Kc5 Kf2 68.Kd6 e4 69.Nd5 e3 70.Nc3
e2 71.Nxe2 Bxe2 72.Kc5 g5 0-1

[Event "FIDE Open"]
[Site "Voronezh"]
[Date "2017.06.20"]
[Round "9.24"]
[White "Natarov, Ilya"]
[Black "Kholodov, Vladimir"]
[Result "1-0"]
[WhiteElo "1881"]
[BlackElo "1986"]
[Annotator ""]
[Source ""]
[Remark ""]

1.d4 d5 2.c4 e6 3.Nc3 c6 4.e3 Nf6 5.Nf3 Nbd7 6.Bd3 dxc4 7.Bxc4
b5 8.Bd3 Bb7 9.O-O a6 10.a4 Be7 11.e4 O-O 12.e5 Nd5 13.Nxd5 exd5
14.Qc2 g6 15.Bh6 Re8 16.e6 Nf8 17.exf7+ Kxf7 18.Ne5+ Kg8 19.f4
Qd6 20.Qf2 Bf6 21.f5 g5 22.Qg3 Re7 23.h4 Bxe5 24.Qxg5+ Bg7 25.f6
Ne6 26.fxg7 Rxg7 27.Qh5 Re7 28.Rf6 Qg3 29.Rf3 Qc7 30.Raf1 Ng7
31.Qg5 Rd8 32.Qf6 Ree8 33.Bxg7 Qxg7 34.Rg3 Rd7 35.Rxg7+ Rxg7
36.Bf5 Rge7 37.Rf3 1-0

[Event "FIDE Open"]
[Site "Voronezh"]
[Date "2017.06.20"]
[Round "9.25"]
[White "Gulko, Oleg"]
[Black "Buyukli, Egor"]
[Result "0-1"]
[WhiteElo "1956"]
[BlackElo "1749"]
[Annotator ""]
[Source ""]
[Remark ""]

1.d4 Nf6 2.c4 g6 3.Nc3 Bg7 4.e4 d6 5.Be2 O-O 6.Nf3 Nbd7 7.O-O
e5 8.d5 Nc5 9.Qc2 a5 10.Be3 Ng4 11.Bxc5 dxc5 12.h3 Nf6 13.Nxe5
Nxd5 14.Nxf7 Nb4 15.Nxd8 Nxc2 16.Rac1 Nd4 17.Nxb7 Bxb7 18.Bg4
Be5 19.Nd5 Bxd5 20.cxd5 Bd6 21.Rfe1 Rae8 22.Rc3 Rf4 23.f3 h5
24.Bd7 Re7 25.Ba4 g5 26.Kf2 g4 27.hxg4 hxg4 28.Bd1 g3+ 29.Ke3
Rh4 30.Ra3 Rh2 31.Rg1 Nf5+ 32.Kd2 Nh4 33.Be2 Nxg2 34.Kd1 Nh4
35.Ke1 g2 36.f4 Bxf4 37.Bg4 Rxe4+ 38.Kf2 Rh1 39.Rh3 Rxh3 0-1

[Event "FIDE Open"]
[Site "Voronezh"]
[Date "2017.06.20"]
[Round "9.26"]
[White "Rozmanov, Aleksandr"]
[Black "Knyazev, Pavel"]
[Result "0-1"]
[WhiteElo "1928"]
[BlackElo "1628"]
[Annotator ""]
[Source ""]
[Remark ""]

1.e4 c6 2.Nf3 d5 3.Nc3 dxe4 4.Nxe4 g6 5.d4 Bg7 6.c3 Nf6 7.Nxf6+
exf6 8.Bc4 O-O 9.O-O Nd7 10.Bf4 Nb6 11.Bb3 Nd5 12.Qd2 Bg4 13.Ne1
Nxf4 14.Qxf4 Be2 15.Nc2 Bxf1 16.Rxf1 a5 17.Ne3 Qb8 18.Qg4 Qc8
19.Qf4 b5 20.h4 a4 21.Bc2 Qe6 22.h5 Rad8 23.b3 axb3 24.Bxb3 Qd6
25.Qg4 f5 26.Qf3 c5 27.hxg6 hxg6 28.dxc5 Qxc5 29.Nd5 Rfe8 30.Nf4
Kf8 31.Qh3 Qxc3 32.Nxg6+ fxg6 33.Qh7 Re1 34.Qg8+ Ke7 35.Qf7+
Kd6 36.g3 Rh8 37.Qd5+ Kc7 38.Qxb5 Rxf1+ 39.Qxf1 Bd4 40.Bd5 Qxg3+ 0-1

[Event "FIDE Open"]
[Site "Voronezh"]
[Date "2017.06.20"]
[Round "9.27"]
[White "Gitelson, Arkady"]
[Black "Savoskin, Vladimir"]
[Result "1-0"]
[WhiteElo "2120"]
[BlackElo "1810"]
[Annotator ""]
[Source ""]
[Remark ""]

1.Nf3 Nf6 2.g3 d5 3.Bg2 c6 4.O-O Nbd7 5.d4 Ne4 6.c4 Ndf6 7.cxd5
cxd5 8.Ne5 e6 9.f3 Nd6 10.e4 Be7 11.Nc3 O-O 12.b3 dxe4 13.fxe4
Nd7 14.Nd3 Bg5 15.Kh1 Bxc1 16.Rxc1 Qb6 17.Nf4 Nb5 18.Nxb5 Qxb5
19.e5 Rb8 20.Qg4 b6 21.Nxe6 fxe6 22.Qxe6+ Kh8 23.Rxf8+ Nxf8 24.Rxc8
Rxc8 25.Qxc8 Qb4 26.h4 g6 27.Qd8 Kg7 28.Qf6+ Kh6 29.g4 Qe1+ 30.Kh2
Ne6 31.g5+ Kh5 32.Qxe6 Qf2 33.Qh3 Qf4+ 34.Qg3 1-0

[Event "FIDE Open"]
[Site "Voronezh"]
[Date "2017.06.20"]
[Round "9.28"]
[White "Bitkinin, Lenar"]
[Black "Foshenko, Kirill"]
[Result "1-0"]
[WhiteElo "2094"]
[BlackElo "1710"]
[Annotator ""]
[Source ""]
[Remark ""]

1.d4 Nf6 2.Nf3 g6 3.c4 Bg7 4.g3 d6 5.Bg2 O-O 6.O-O c6 7.Nc3 Qa5
8.Bd2 Qh5 9.Re1 e5 10.dxe5 dxe5 11.Qb3 Na6 12.Ng5 h6 13.Nge4
Nxe4 14.Nxe4 Rd8 15.Rad1 f5 16.Nc3 Nc5 17.Qa3 Bf8 18.b4 Na6 19.c5
Rd4 20.Qb3+ Kg7 21.Bf4 exf4 22.Rxd4 fxg3 23.hxg3 Nc7 24.Qb2 Kh7
25.b5 Bg7 26.Rh4 Qg5 27.bxc6 b6 28.cxb6 axb6 29.Qc2 Be6 30.a4
Bxc3 31.Qxc3 Rxa4 32.Rxa4 1-0

[Event "FIDE Open"]
[Site "Voronezh"]
[Date "2017.06.20"]
[Round "9.30"]
[White "Pikalova, Sofya"]
[Black "Filippov, Vladimir"]
[Result "1/2-1/2"]
[WhiteElo "1792"]
[BlackElo "1882"]
[Annotator ""]
[Source ""]
[Remark ""]

1.e4 g6 2.d4 Bg7 3.Nc3 d6 4.Bc4 Nf6 5.h3 O-O 6.Nf3 Nxe4 7.Nxe4
d5 8.Bd3 dxe4 9.Bxe4 c5 10.dxc5 Nd7 11.c6 bxc6 12.Bxc6 Rb8 13.c3
Qc7 14.Bxd7 Bxd7 15.O-O Bc6 16.Re1 Qb7 17.Qe2 e6 18.Qe3 Rbc8
19.a4 Rfe8 20.a5 a6 21.Qf4 Red8 22.Qe3 Bf6 23.Qf4 Bg7 24.Qe3
Bxf3 25.Qxf3 Qxf3 26.gxf3 Rd3 27.Be3 Rcd8 28.Kf1 Kf8 29.Ke2 R3d7
30.Red1 Ke8 31.Rxd7 Rxd7 32.Rd1 Rxd1 33.Kxd1 Kd7 34.Kc2 Kc6 35.Kb3
Be5 36.Bb6 f5 37.Kc4 Bf6 38.b4 g5 39.Kd3 h5 40.c4 Be7 41.c5 g4
42.fxg4 fxg4 43.hxg4 h4 44.Ke4 h3 45.Kf3 Bh4 46.g5 Bxg5 47.Kg3
Bd2 48.Kxh3 Bxb4 49.Kg4 Bxc5 50.Bxc5 Kxc5 51.Kf4 Kb5 52.Ke5 Kxa5
53.Kxe6 1/2-1/2

[Event "FIDE Open"]
[Site "Voronezh"]
[Date "2017.06.20"]
[Round "9.31"]
[White "Vasiljev, Ilya"]
[Black "Zisin, Oleg"]
[Result "1/2-1/2"]
[WhiteElo "1644"]
[BlackElo "1870"]
[Annotator ""]
[Source ""]
[Remark ""]

1.e4 c5 2.Nf3 d6 3.d4 cxd4 4.Nxd4 Nf6 5.Nc3 a6 6.Be2 e5 7.Nb3
Be7 8.O-O Be6 9.f4 exf4 10.Bxf4 Nc6 11.Qd2 O-O 12.Rad1 Ne5 13.Nd4
Qb6 14.Kh1 Rac8 15.Nxe6 fxe6 16.Bxe5 dxe5 17.Rb1 Bb4 18.Qg5 Bxc3
19.bxc3 Nxe4 20.Qxg7+ Kxg7 21.Rxb6 Rxf1+ 22.Bxf1 Nc5 23.Kg1 Rd8
24.Rb4 Rd2 25.Bd3 h5 26.h3 Kf6 27.Kh2 Nxd3 28.cxd3 Rxd3 29.c4
Rd7 30.a4 Kf5 31.c5 e4 32.Kg3 e5 33.Rb6 Rc7 34.Kf2 Rxc5 35.Rxb7
Rc4 36.Rh7 Kg6 37.Re7 Kf6 38.Rh7 Kg6 39.Re7 Kf6 40.Rh7 Kg6 1/2-1/2

[Event "FIDE Open"]
[Site "Voronezh"]
[Date "2017.06.20"]
[Round "9.33"]
[White "Kocharyan, Hayk"]
[Black "Ter-Saakian, Grigorii"]
[Result "1/2-1/2"]
[WhiteElo "1604"]
[BlackElo "1844"]
[Annotator ""]
[Source ""]
[Remark ""]

1.d4 Nf6 2.Nf3 g6 3.Bf4 Bg7 4.h3 O-O 5.e3 d5 6.Be2 c5 7.c3 Nc6
8.O-O Qb6 9.Qb3 c4 10.Qxb6 axb6 11.Nbd2 b5 12.b4 Bf5 13.g4 Bd7
14.a3 Ra7 15.Ra2 h5 16.Ne5 hxg4 17.Nxd7 Nxd7 18.hxg4 Rfa8 19.Rfa1
e6 20.Bd6 Bf8 21.Bxf8 Kxf8 22.Bd1 Ke7 23.f4 f5 24.g5 Kd6 25.Nb1
Rh8 26.Rh2 Rxh2 27.Kxh2 Ra8 28.Ra2 Rh8+ 29.Kg2 Kc7 30.Rf2 Nb6
31.Rf3 Nc8 32.Rh3 Rxh3 33.Kxh3 Nd6 34.Bc2 Ne7 35.Kg2 Ne4 36.Bxe4
dxe4 37.Kf2 Nd5 38.Ke2 Kc6 39.Kd2 b6 40.Ke2 Kb7 1/2-1/2